00610nam a2200193Ii 450000100060000000300090000600800410001502000200005604000330007604100080010908200160011710000360013324500340016926401200020330000120032333600260033533700280036133800270038916887CO-ViMGA241108s9999||||xx |||||||||||||| ||und|| a979090005312109 aCO-ViMGAbspaerdacCO-ViMGA0 aspa04a782.42 B31c1 aBiblioteca Aldeana de Colombia.10aCancionero escolar [música] 1aBogotá, Colombia : Banco de la República. Biblioteca Luis Ángel Arango : Biblioteca Aldeana de Colombia, 2012 avolumen atextbtxt2rdacontent aunmediatedbn2rdamedia avolumebnc2rdacarrier